Datum a čas kvízu
32.5
Celkem bodů
Celkový počet nahraných bodů na tomto kvízu bez doplňovacích otázek.
2.
Pořadí na kvízu
Konečné umístění týmu na tomto kvízu.
Zaznamenané odpovědi
| # | Otázka | Odpověď | Body | Výsledky |
|---|---|---|---|---|
| 1. | Prestižní novinářskou Cenu Fer... | 1 | ||
| 2. | Extrémní sněhovou nadílku, kte... | 1 | ||
| 3. | Jistá značka vodky přišla tent... | 1 | ||
| 4. | Který muzikant doprovodil svou... | 1 | ||
| 5. | V pátek byly slavnostně zaháje... | 1 | ||
| 6. | Ke které knize odkazuje tento... | 1 | ||
| 7. | Jak se jmenuje pás ostrovů, do... | 1 | ||
| 8. | Tato fotka byla pořízena na pr... | 0.5 | ||
| 9. | Jedna dvoučlenná a dnes již ne... | 0 | ||
| 10. | Kterou lichotivou přezdívkou č... | 1 |